000 00544nam a2200229Ia 4500
003 OSt
005 20220924150436.0
006 a|||||r|||| 00| 0
007 ta
008 220923b |||||||| |||| 00| 0 tel d
024 _a333135
037 _cTextual
040 _aARTS
_cARTS
_btel
041 _2tel
_atel
082 _aO35,1NG04x, M2
100 _aGopi
_9222121
245 0 _aMylu rayi
260 _c1982
650 _aTELUGU POETRY
942 _hO35,1NG04x, M2
_cTEXL
_2CC
999 _c463336
_d463336